000 00942nam a22002057a 4500
999 _c62418
_d62418
003 Ge_BSU
005 20241029101309.0
008 241029s1969 ge ||||| |||| 00| 0 geo d
041 _ageo
080 _a615.453.87 მ-40
100 _aმგალობლიშვილი, ევგენი
_923535
245 _aჩაი და მედიცინა /
_cევგენი მგალობლიშვილი, [წინასიტყვ. რ. სურმანიძისა]
264 _aბათუმი :
_bსაბჭ. აჭარა,
_c 1969.
300 _a158გვ. :
_bილ. და ცხრილ. ;
_c20 სმ.
504 _aბიბლიოგრ.: გვ.155-157.
653 _aსამკურნალო ჩაი.
653 _aმედიცინა
700 _a სურმანიძე, რ
_eწინასიტყვაობის ავტორი
_923536
942 _2udc
_cBK